文学史 - Statistics

General Stats
  • This quiz has been taken 32 times
  • The average score is 4 of 13
Answer Stats
Hint Answer % Correct
平家の繁栄から壇ノ浦の滅亡までを物語化したもの。平曲として琵琶法師が語り伝える 平家物語
86%
道長の四男能信周辺の男性官人が著したと思われる、道長の摂関政治を描く物語大宅世継(190歳)と夏山繁樹(180歳)の対話に若侍が口をはさみ、作者が集録した形式 大鏡
48%
藤原為経作かと考えられる歴史物語。大鏡以降の約150年間を、大宅世継ぎの孫娘(150歳超え)から聞いた話をもとに記したという形式 今鏡
48%
藤原道長の一家に仕えた女房が記したと思われる、道長の栄華を賛美した歴史物語 栄花物語
41%
南北朝の争いを描く 太平記
41%
曽我兄弟の親の敵討ちを描く 曽我物語
38%
源義経の悲劇的運命を英雄伝的に描く 義経記
38%
中山忠親作かと考えられる歴史物語。大鏡以前の歴史を選任が語る形式 水鏡
28%
平将門の乱を漢文体で描く 将門記
21%
二条良基作かと考えられる。鎌倉時代の公家社会の動向を中心に描く歴史物語 増鏡
14%
保元の乱を、源の為より中心に物語化したもの 保元物語
14%
前九年の役を記録、整理したもの 陸奥話記
10%
平治の乱を、悪源太義平を中心に物語化したもの 平治物語
7%
No matching quizzes found
Score Distribution
Percent of People with Each Score
Percentile by Number Answered
Your Score History
You have not taken this quiz